000 00329nam a2200145Ia 4500
008 150201s2000 xx 000 0 und d
082 _a610
_bC2000B
100 _aANNE BALLINGER
245 _aCLINICAL MEDICINE
250 _a3RD
260 _bSAUNDERS
_aEDINBURGH
_c2000
300 _a1-
650 _aMEDICINE
942 _2ddc
_cBK
999 _c2587
_d2587